logo

Bir Sreshtho Munshi Abdur Rouf Library
Jhenaidah Cadet College

পরশ কথা: (Record no. 13284)

MARC details
000 -LEADER
fixed length control field 00727nam a2200229 a 4500
001 - CONTROL NUMBER
JCCL Control Number 13284
003 - CONTROL NUMBER IDENTIFIER
JCCL marc code BD-JhCC
005 - DATE AND TIME OF LATEST TRANSACTION
control field 20230808112603.0
008 - FIXED-LENGTH DATA ELEMENTS--GENERAL INFORMATION
fixed length control field 230808b2011 bg |||| ||a| 000 0 ben d
020 ## - INTERNATIONAL STANDARD BOOK NUMBER
International Standard Book Number 9789848933862
035 ## - SYSTEM CONTROL NUMBER
system control number (BD-JhCC)13284
040 ## - CATALOGING SOURCE
Original cataloging agency BD-JhCC
Modifying agency BD-JhCC
041 ## - LANGUAGE CODE
Language code of Book bengali
082 ## - DEWEY DECIMAL CLASSIFICATION NUMBER
Classification number 082
Author mark and Year MIA 2011
100 ## - MAIN ENTRY--PERSONAL NAME
Personal name মিয়া, মো. আ. ছালাম
245 ## - TITLE STATEMENT
Title পরশ কথা:
Remainder of title নীতি কথার সংকলন /
Statement of responsibility, etc মো. আ. ছালাম মিয়া (হুমায়ন)
260 ## - PUBLICATION, DISTRIBUTION, ETC. (IMPRINT)
Place of publication, distribution, etc ঢাকা:
Name of publisher, distributor, etc জ্ঞানকোষ প্রকাশনী;
Date of publication, distribution, etc 2011.
300 ## - PHYSICAL DESCRIPTION
Pagination 607 p. :
Dimensions 22 cm.
650 ## - SUBJECT ADDED ENTRY--TOPICAL TERM
Topical term or geographic name as entry element Quotes
942 ## - ADDED ENTRY ELEMENTS (KOHA)
Source of classification or shelving scheme Dewey Decimal Classification
Koha item type Books
Holdings
Source of classification or shelving scheme Damaged status Not for loan Home library Current library Shelving location Date of accession Cost, normal purchase price Total Checkouts Full call number Barcode Date last seen Copy number Method of acquisition Koha item type Currency
Dewey Decimal Classification     JCC Rouf Library JCC Rouf Library General Stacks 08/08/2023 263.00   082 MIA 2011 18270 08/08/2023 C-1 Purchase Books BDT

JCC Library | Contacts | JCC Home

Last Update on 23 September 2017
Copyright @ 2017-2020 JCC Rouf Library
Rouf Library, Jhenidah Cadet College (JCC), Bangladesh